| 000 -LEADER | |
|---|---|
| fixed length control field | 00317nam a22001457a 4500 |
| 005 - DATE AND TIME OF LATEST TRANSACTION | |
| control field | 20200531151749.0 |
| 008 - FIXED-LENGTH DATA ELEMENTS--GENERAL INFORMATION | |
| fixed length control field | 200531b xxu||||| |||| 00| 0 eng d |
| 041 ## - LANGUAGE CODE | |
| Language code of text/sound track or separate title | eng |
| 082 ## - DEWEY DECIMAL CLASSIFICATION NUMBER | |
| Classification number | 340 |
| 100 ## - MAIN ENTRY--AUTHOR NAME | |
| Personal name | BARE ACT |
| 245 ## - TITLE STATEMENT | |
| Title | THE SUITE VALUATION ACT, 1887 |
| 300 ## - PHYSICAL DESCRIPTION | |
| Number of Pages | 8;p |
| 650 ## - SUBJECT ADDED ENTRY--TOPICAL TERM | |
| Topical Term | LAW |
| 942 ## - ADDED ENTRY ELEMENTS (KOHA) | |
| Koha item type | Books |
| Lost status | Damaged status | Home library | Current library | Date acquired | Source of acquisition | Cost, normal purchase price | Full call number | Accession Number | Koha item type |
|---|---|---|---|---|---|---|---|---|---|
| JRU Library | 12/06/2020 | PURCHESS | 35.00 | 340 | 23385 | Books |